000 00267nam a22001217a 4500
008 170612b xxu||||| |||| 00| 0 eng d
041 _aeng
080 _a32
100 _a19
101 _aSHP
245 _aPOLITICS AND OPIONION IN THE CENTURY
942 _2udc
_cBK
999 _c16893
_d16893